Normal view
MARC view
- Energy development
Entry Topical Term
001 - CONTROL NUMBER
- control field: 5765
003 - CONTROL NUMBER IDENTIFIER
- control field: NUST
005 - DATE AND TIME OF LATEST TRANSACTION
- control field: 20171031124947.0
008 - FIXED-LENGTH DATA ELEMENTS
- fixed length control field: 171031|| aca||aabn | a|a d
040 ## - CATALOGING SOURCE
- Original cataloging agency: NUST
- Transcribing agency: NUST
150 ## - HEADING--TOPICAL TERM
- Topical term or geographic name entry element: Energy development
- General subdivision: Environmental aspects
- Form subdivision: Periodicals.
670 ## - SOURCE DATA FOUND
- Source citation: Work cat.: (NUST)0: Yearbook of international co-operation on environment and development :, c1998.
